000 00858nam a2200277 i 4500
003 DO-SdBNP
005 20230919155733.0
007 ta
008 100322s2020 dr a 000 0 spa d
020 _a9789945925708
040 _aDO-SdBNP
_bspa
_cBNPHU
_erda
082 4 _222
100 1 _aReyes Peña, Gladys A.
_937920
_eautora
245 1 0 _aLengua Española :
_baprendiendo con Tatica /
_cGladys A. Reyes Peña ; ilustraciones, Lía Sued
264 _aSanto Domingo :
_bCamilo SRL,
_c2020.
300 _a192 páginas :
_bilustraciones
_c21 cm.
336 _2rdacontent
_atexto
_btxt
337 _2rdamedia
_asin mediación
_bn
338 _2rdacarrier
_avolumen
_bnc
490 0 _aTrazos y letras ;
521 _aPreescolar
590 _aInventariado, 2021/ YL
700 1 _aSued, Lía,
_eilustraciones
_978178
910 _aYLOCKWARD
942 _2ddc
_cLBS1
999 _c49626
_d49626